| Поле | Название | Значение |
| |
Тип записи |
a |
| |
Библиографический уровень |
a |
| 001 |
Контрольный номер |
UONB/MAIN/054ecebf9ed840e9bfa184115d35af3b |
| 005 |
Дата корректировки |
20260409095138.4 |
| 100 |
Данные общей обработки |
__ |
| a |
Данные общей обработки |
20260409 ||| 0rusy0189 ca |
| 101 |
Язык документа |
0_ |
| a |
Язык текста |
rus |
| 102 |
Страна публикации |
__ |
| a |
Страна публикации |
RU |
| 200 |
Заглавие и сведения об ответственности |
1_ |
| a |
Заглавие |
Деревенька моя |
| f |
Первые сведения об ответственности |
Л. Углова, Н. Серова |
| 203 |
Вид содержания и тип средства |
__ |
| a |
Вид содержания |
Текст |
| b |
Характеристика содержания |
визуальный |
| c |
Тип средства |
непосредственный |
| 215 |
Физическое описание |
__ |
| c |
Иллюстрации/тип воспроизводства |
ил., фот. |
| 330 |
Аннотация |
__ |
| a |
Аннотация |
История села Краснополка Карсунского района. |
| 461 |
Уровень набора |
_0 |
| 1 |
|
2000 |
| a |
|
Карсунский вестник |
| 463 |
Уровень физической единицы |
_0 |
| 1 |
|
2000 |
| a |
|
№ 14 (12753) (3 апреля) |
| v |
|
С. 5 |
| 1 |
|
2101 |
| d |
|
2026 |
| 1 |
|
001UONB/MAIN/56090e2ee69c4742ab77c5928cf58c9f |
| 607 |
Географические рубрики |
__ |
| a |
Географическое наименование |
Краснополка, село (Карсунский район ; Ульяновская область) |
| 610 |
Ключевые слова |
0_ |
| a |
Ключевые слова |
история сел; история деревень; деревни удельные; топонимы |
| 686 |
Индексы других классификаций |
__ |
| 2 |
Код системы |
rubbk |
| a |
Классификационный индекс |
63.3 |
| 700 |
Автор |
_1 |
| a |
Фамилия |
Углова |
| b |
Имя (инициалы) |
Л. |
| g |
Полное личное имя |
Лариса |
| 701 |
Альтернативная интеллектуальная ответственность |
_1 |
| a |
Фамилия |
Серова |
| b |
Имя (инициалы) |
Н. |
| g |
Полное личное имя |
Наталья |
| 702 |
Вторичная интеллектуальная ответственность |
_1 |
| a |
Фамилия |
Камаева |
| b |
Имя (инициалы) |
Е. |
| g |
Полное личное имя |
Елена |
| 801 |
Источник записи |
_0 |
| a |
Страна |
RU |
| b |
Организация |
Ульяновская ОНБ |
| c |
Дата составления |
20260409 |
| g |
Правила каталогизации |
RCR |
| 801 |
Источник записи |
_1 |
| a |
Страна |
RU |
| b |
Организация |
Ульяновская ОНБ |
| c |
Дата составления |
20260409 |
| g |
Правила каталогизации |
RCR |
| 901 |
Тип документа |
__ |
| t |
Тип документа |
f |
| w |
Контрольный № источника |
UONB/MAIN/56090e2ee69c4742ab77c5928cf58c9f |
| 909 |
Создатель записи |
__ |
| a |
Создатель записи |
Мухаметжанова |
| b |
Дата создания записи |
20260409 |